000 00931nam a2200277Ia 4500
001 Para_2531
003 CHAP
008 220125s1926 xx 000 0 und d
010 _a201046
040 _cCHAP
082 _aPA-C 595.75 H4
100 _aDe Long, Dwight Moore
_9165905
245 _aA monographic study of the North America species of the genus deltocephalus /
_c by Dwight Moore De Long
300 _a129 p.
440 _aHemiptera ; 5
_9165906
500 _aSobretiro de : Contributions in Zoology and Entomology (3) : 1-129, 1926 Enc. con otros impresos similares
650 _aHemípteros
_x colecciones de escritos
_9165786
650 _aHemípteros
_x E.U.A.
_9165907
901 _aPA-C 595.75 H4
902 _aA
905 _a0000001926 WAS 0000000000 00
910 _a1926
942 _cPARA
942 _cPARA
_d1
999 _c201046
_d201046